O método do referencial móvel /

Guardado en:
Autor Principal: Carmo, Manfredo Perdigão do.
Autor Corporativo: Escola Latino Americana de Matemática
Formato: Libro
Idioma:Portuguese
Publicado: [Rio de Janeiro] : Instituto de Matemática Pura e Aplicada, 1976.
Etiquetas: Agregar Etiqueta
Sin Etiquetas, Sea el primero en etiquetar este registro!
LEADER 00665nam a22001695a 4500
001 MAT.inmabb002718
008 050907s1976####bl#######b####000#0#por#d
005 20151117175105.0
245 1 2 |a O método do referencial móvel /  |c Manfredo do Carmo. 
260 |a [Rio de Janeiro] :  |b Instituto de Matemática Pura e Aplicada,  |c 1976. 
300 |a vi, 231 p. ;  |c 21 cm. 
500 |a "III Escola Latino Americana de Matemática". 
504 |a Bibliografía: p. 225-231. 
100 1 |a Carmo, Manfredo Perdigão do. 
711 2 |a Escola Latino Americana de Matemática  |n (3.ª :  |d 1976 :  |c Rio de Janeiro) 
084 |a 53-01 (53A45 53A55)  |2 msc2000 
859 |h 53  |i C287m  |p A-8044  |b BIB. MATEMATICA